Estadísticas para Municipios de Bizkaia

Haz click aquí para intentar la prueba.

Estadísticas generales

  • Esta prueba ha sido intentada 784 veces
    (694 desde el último reinicio)
  • La puntuación promedio es 47 de 113

Estadísticas de respuestas

PoblaciónMunicipio% Correcto
345.151Bilbao
100%
100.288Barakaldo
95%
78.846Getxo
94%
46.718Portugalete
88%
46.284Santurtzi
83%
41.304Basauri
80%
28.899Durango
80%
16.763Gernika-Lumo
80%
28.052Sestao
80%
18.736Amorebieta-Etxano
76%
16.947Bermeo
75%
29.344Galdakao
74%
30.715Leioa
74%
7.229Lekeitio
74%
4.338Plentzia
70%
13.211Sopela
69%
24.234Erandio
67%
17.131Mungia
66%
7.601Muskiz
65%
16.048Ermua
64%
7.800Balmaseda
62%
844Ea
62%
2.392Loiu
62%
2.589Bakio
61%
6.022Derio
60%
8.527Ondarroa
60%
5.670Gorliz
59%
1.892Mundaka
59%
12.339Arrigorriaga
55%
10.881Etxebarri
54%
2.406Lezama
54%
12.093Trapagaran
52%
6.961Berango
51%
3.244Zamudio
51%
384Elantxobe
50%
4.535Sondika
50%
7.271Elorrio
49%
4.969Markina-Xemein
48%
3.505Lemoa
46%
4.070Urduliz
45%
8.477Zalla
45%
6.578Güeñes
44%
2.046Larrabetzu
44%
4.122Ugao-Miraballes
44%
3.063Zaldibar
44%
2.856Alonsotegi
43%
4.186Orduña
43%
7.516Abadiño
42%
1.493Zierbena
42%
4.241Igorre
39%
2.749Karrantza Harana
39%
8.415Ortuella
39%
4.778Berriz
38%
4.520Usansolo
37%
9.635Abanto Zierbena
36%
3.753Iurreta
36%
2.611Orozko
36%
2.599Sopuerta
36%
157Arakaldo
35%
1.272Otxandio
35%
768Artea
34%
1.687Busturia
34%
1.424Dima
34%
640Ibarrangelu
34%
702Ispaster
34%
1.539Barrika
33%
1.653Gatika
33%
1.215Lemoiz
33%
1.215Mallabia
33%
1.220Berriatua
32%
1.022Bedia
31%
1.710Gordexola
31%
947Forua
30%
373Sukarrieta
30%
1.258Zeanuri
30%
1.195Areatza
29%
973Arrankudiaga
29%
1.145Laukiz
27%
955Maruri-Jatabe
27%
1.450Muxika
27%
1.613Zaratamo
27%
813Galdames
26%
410Amoroto
25%
467Kortezubi
25%
420Morga
25%
658Aulesti
24%
787Etxebarria
24%
1.344Gamiz-Fika
24%
858Gautegiz Arteaga
24%
527Mañaria
24%
1.378Atxondo
23%
271Lanestosa
23%
1.081Zeberio
23%
252Ereño
22%
434Ziortza-Bolibar
22%
730Artzentales
20%
547Fruiz
20%
734Meñaka
19%
463Mendexa
19%
461Munitibar-Arbatzegi Gerrikaitz
19%
310Murueta
19%
572Arrieta
18%
237Nabarniz
18%
313Garai
17%
382Arantzazu
16%
513Turtzioz
16%
459Ajangiz
15%
254Izurtza
15%
381Mendata
15%
179Ubide
14%
507Errigoiti
13%
213Gizaburuaga
13%
406Arratzu
10%

Distribución de puntuación

Porcentaje por número respondido

Porcentaje de gente con cada puntuación

Historial de tus puntuaciones

No has intentado esta prueba desde el último reinicio